| 000 | 01266nam a2200289Ia 4500 | ||
|---|---|---|---|
| 001 | ebr10642550 | ||
| 003 | CaPaEBR | ||
| 006 | m u | ||
| 007 | cr cn||||||||| | ||
| 008 | 130118s2012 enka s 001 0 eng d | ||
| 020 | _z9781849693004 | ||
| 020 | _z9781849693011 (ebook) | ||
| 040 |
_aCaPaEBR _cCaPaEBR |
||
| 035 | _a(OCoLC)847550544 | ||
| 050 | 1 | 4 |
_aQA76.76.I57 _bH47 2012eb |
| 100 | 1 | _aHershleder, Benjamin. | |
| 245 | 1 | 0 |
_aAvid Media Composer 6.x cookbook _h[electronic resource] : _bover 160 highly effective and practical recipes to help beginning and intermediate users get the most from Avid Media Composer 6 editing / _cBenjamin Hershleder. |
| 260 |
_aBirmingham, UK : _bPackt Pub., _c2012. |
||
| 300 |
_av, 404 p. : _bill. |
||
| 500 | _aIncludes index. | ||
| 533 |
_aElectronic reproduction. _bPalo Alto, Calif. : _cebrary, _d2013. _nAvailable via World Wide Web. _nAccess may be limited to ebrary affiliated libraries. |
||
| 650 | 0 |
_aProject management _xComputer programs. |
|
| 650 | 0 |
_aElectronic data processing _xBatch processing. |
|
| 655 | 7 |
_aElectronic books. _2local |
|
| 710 | 2 | _aebrary, Inc. | |
| 856 | 4 | 0 |
_uhttp://site.ebrary.com/lib/rucke/Doc?id=10642550 _zAn electronic book accessible through the World Wide Web; click to view |
| 999 |
_c32833 _d32833 |
||